International report (Record no. 110714)
[ view plain ]
| 000 -LEADER | |
|---|---|
| fixed length control field | 01235cad a22002535a 4500 |
| 001 - CONTROL NUMBER | |
| control field | E150055 |
| 008 - FIXED-LENGTH DATA ELEMENTS--GENERAL INFORMATION | |
| fixed length control field | 100526s2009 xxk f 000 a0eng d |
| 035 ## - SYSTEM CONTROL NUMBER | |
| System control number | (Sirsi) u150055 |
| 041 0# - LANGUAGE CODE | |
| Language code of text/sound track or separate title | eng |
| 050 04 - LIBRARY OF CONGRESS CALL NUMBER | |
| Classification number | 338.4369 $2 18 |
| 110 2# - MAIN ENTRY--CORPORATE NAME | |
| Corporate name or jurisdiction name as entry element | Rider Levett Bucknall |
| 9 (RLIN) | 5520 |
| 245 00 - TITLE STATEMENT | |
| Title | International report |
| Remainder of title | construction market intelligence, October 2009 |
| Medium | [electronic publication] |
| 260 3# - PUBLICATION, DISTRIBUTION, ETC. | |
| Place of publication, distribution, etc. | London |
| Name of publisher, distributor, etc. | RLB |
| Date of publication, distribution, etc. | 2009 |
| 490 #0 - SERIES STATEMENT | |
| Series statement | RLB International Report |
| Volume/sequential designation | Construction Market Intelligence, October 2009 |
| 520 ## - SUMMARY, ETC. | |
| Summary, etc. | Looks at construction cost relativities in the US, Asia, EMEA, and Oceania. Also provides market data in the form of current building costs for offices, hotels, shops, car parking, industrial and residential property in various cities across these regions. Includes a barometer of construction activity. |
| 521 ## - TARGET AUDIENCE NOTE | |
| Target audience note | Advanced |
| 590 ## - LOCAL NOTE (RLIN) | |
| Local note | KA |
| 650 24 - SUBJECT ADDED ENTRY--TOPICAL TERM | |
| Topical term or geographic name entry element | RLB INTERNATIONAL REPORT |
| 651 #4 - SUBJECT ADDED ENTRY--GEOGRAPHIC NAME | |
| Geographic name | International |
| 690 ## - LOCAL SUBJECT ADDED ENTRY--TOPICAL TERM (OCLC, RLIN) | |
| Topical term or geographic name as entry element | BUILT ENVIRONMENT-BUILDING COSTS |
| 690 ## - LOCAL SUBJECT ADDED ENTRY--TOPICAL TERM (OCLC, RLIN) | |
| Topical term or geographic name as entry element | BUILT ENVIRONMENT-CONSTRUCTION MARKET |
| 856 40 - ELECTRONIC LOCATION AND ACCESS | |
| Uniform Resource Identifier | <a href="https://www.rlb.com/ebooks/ir-1009_ebook/pdf/Rider%20Levett%20Bucknal%20International%20Report%20October%202009.pdf">https://www.rlb.com/ebooks/ir-1009_ebook/pdf/Rider%20Levett%20Bucknal%20International%20Report%20October%202009.pdf</a> |
| Public note | View the item free of charge (PDF file) at www.rlb.com |
| 942 ## - ADDED ENTRY ELEMENTS (KOHA) | |
| Suppress in OPAC | 0 |
| Withdrawn status | Lost status | Source of classification or shelving scheme | Damaged status | Not for loan | Home library | Current library | Shelving location | Date acquired | Total Checkouts | Full call number | Barcode | Date last seen | Copy number | Price effective from | Koha item type |
|---|---|---|---|---|---|---|---|---|---|---|---|---|---|---|---|
| Dewey Decimal Classification | Virtual | Virtual | Online | 26/05/2010 | ONLINE PUBLICATION | 150055-2001 | 06/08/2019 | 1 | 06/08/2019 | Book |